000 01273cac a22003131u 4500
003 EG-ScBUE
005 20220324112544.0
008 081130s1992 nyuab f b 001 0 eng d
020 _a0521307600
020 _a9780521307604
040 _aEG-ScBUE
_beng
_erda
_cEG-ScBUE
_dEG-ScBUE
082 0 4 _a897
_bBRO
_222
100 1 _aBrotherston, Gordon,
_eauthor.
245 1 0 _aBook of the fourth world :
_breading the native Americas through their literature /
_cGordon Brotherston, Indiana University at Bloomington, University of Essex, England.
264 1 _aNew York :
_bCambridge University Press,
_c1992.
300 _axiv, 478 pages, [24] pages of plates :
_billustrations (some color), maps ;
_c25 cm
336 _2rdacontent
_atext
_btxt
337 _2rdamedia
_aunmediated
_bn
338 _2rdacarrier
_avolume
_bnc
504 _aIncludes bibliographical references and index.
650 7 _aIndian literature
_xHistory and criticism.
_2BUEsh
650 7 _aIndians.
_2BUEsh
651 _2BUEsh
653 _bGGEN
_cMarch2022
655 _vReading book
_934232
856 4 2 _3Publisher description
_uhttp://www.loc.gov/catdir/description/cam025/92000981.html
856 4 2 _3Table of contents
_uhttp://www.loc.gov/catdir/toc/cam029/92000981.html
942 _cBB
_2ddc
999 _c9211
_d9211